|
|
|
|
| LEADER |
00744nab a2200205 i 4500 |
| 001 |
publ23713 |
| 005 |
20221231060011.0 |
| 008 |
220221s2021 hu o 0|| angol d |
| 022 |
|
|
|a 0341-7816
|
| 024 |
7 |
|
|a 32531673
|2 mtmt
|
| 040 |
|
|
|a SZTE Publicatio Repozitórium
|b hun
|
| 041 |
|
|
|a angol
|
| 100 |
1 |
|
|a Szeverényi Sándor
|
| 245 |
1 |
0 |
|a Verbs of speaking in Nganasan
|h [elektronikus dokumentum] :
|b A corpus-based approach /
|c Szeverényi Sándor
|
| 260 |
|
|
|a Helmut Buske Verlag
|c 2021
|
| 300 |
|
|
|a 137-162
|
| 490 |
0 |
|
|a Finnisch-ugrische Mitteilungen
|v 45 No. 1
|
| 650 |
|
4 |
|a Nyelvek és irodalom
|
| 700 |
0 |
2 |
|a Wagner-Nagy Beáta
|e aut
|
| 856 |
4 |
0 |
|u http://publicatio.bibl.u-szeged.hu/23713/1/fum45_szeverenyi_wagner-nagy%281%29.pdf
|z Dokumentum-elérés
|